Practice Arena/Champions League FCR 3 - Statistics

General Stats
  • This quiz has been taken 3 times
  • The average score is 11 of 15
Answer Stats
Question Answer % Correct
Cuantas Champions tiene el Sporting Lisboa? 0
100%
Cuantas Champions tiene el Chelsea? 2
100%
Cuantas Champions League tiene el Benfica? 2
100%
Cuantas Champions tiene el Milan? 7
100%
Cual de estos Jugadores juega en la Premier League? Alexis Mac Allister
100%
Cual de estos Jugadores juega en el Barcelona Dani Olmo
100%
Cual de estos jugadores Juega en la Bundesliga? Harry Kane
100%
Cual de estos Jugadores juega en la Serie A Lautaro Martinez
100%
Di Maria jugo en el Manchester United? Si
100%
Cuantas Champions tiene el PSV? 1
50%
Cual de estos Jugadores juega en el Chelsea? João Félix
50%
Maradona jugo en el Sevilla? Si
50%
Cuantas Champions tiene la Juve? 2
0%
El Cuantas Champions gano el Ajax? 4
0%
Marquinhos jugo en la Roma? Si
0%
No matching quizzes found
Score Distribution
Percent of People with Each Score
Percentile by Number Answered
Your Score History
You have not taken this quiz